Před 70 roky se rozhodovalo o vzniku Národní banky československé

Prijatie bankového zákona v apríli 1920. Vznik Národní banky československé 1.4.1926 (podľa zákona č. 102 Sb. z. a n. zo dňa 23.4.1925). Postavenie a organizácia banky.

Saved in:
Bibliographic Details
Main Author: Vencovský, František
Format: Book Chapter
Language:Czech
Subjects:
Tags: Add Tag
No Tags, Be the first to tag this record!

MARC

LEADER 00000naa a2200000 4500
001 r017078
005 20221208130646.2
041 0 |a cze 
044 |a CZ 
245 1 0 |a Před 70 roky se rozhodovalo o vzniku Národní banky československé  |c František Vencovský 
520 |a Prijatie bankového zákona v apríli 1920. Vznik Národní banky československé 1.4.1926 (podľa zákona č. 102 Sb. z. a n. zo dňa 23.4.1925). Postavenie a organizácia banky. 
610 2 0 |a banky 
610 2 0 |a ČSR 
610 2 0 |a Národní banka československá 
610 2 0 |a banky emisné 
610 2 0 |a 1926 
610 2 0 |a Bankovní úřad Ministerstva financí 
610 2 0 |a zákony 
610 2 0 |a 1920 
610 2 0 |a 1925 
100 1 |a Vencovský, František